| 000 | 01728nam a2200397 i 4500 | ||
|---|---|---|---|
| 001 | 194651 | ||
| 003 | SpMaBN | ||
| 005 | 20241211133500.0 | ||
| 007 | ta | ||
| 008 | 240510s1854 sp | |||| 000 0 spa | ||
| 016 | 7 |
_abimoBNE19993949612 _zIND9300556564 _2SpMaBN |
|
| 035 | _a(OCoLC)48289265 | ||
| 035 | _abimo0001144097 | ||
| 040 |
_aSpMaBN _bspa _cA2 _dSpMaBN _eES-MaACL |
||
| 080 | _a94(460) | ||
| 100 | 1 |
_aMariana, Juan de, _d1536-1624 _0XX1120693 _976675 |
|
| 245 | 1 | 0 |
_aObras del padre Juan de Mariana / _ccolección dispuesta y revisada, con un discurso preliminar, por F.P. y M. |
| 260 |
_aMadrid : _bM. Rivadeneyra, _c1854. |
||
| 300 |
_a2 v. (LII, 534; 632 p.) ; _c26 cm |
||
| 336 |
_aTexto (visual) _2isbdcontent |
||
| 337 |
_asin mediación _2isbdmedia |
||
| 338 |
_2rdacarrier _avolumen |
||
| 490 | 1 |
_aBiblioteca de autores españoles, desde la formación del lenguaje hasta nuestros días ; _v30-31 |
|
| 500 | _aCatalogación provisional. DB-40-41. Despachos-Biblioteca | ||
| 530 | _aDisponible en formato digital | ||
| 651 | 4 |
_aEspaña- _xHistoria _2embne _98209 |
|
| 700 | 1 |
_aPi y Margall, Francisco, _d1824-1901 _0http://datos.bne.es/resource/XX1026522 _991732 |
|
| 830 |
_aBiblioteca de autores españoles, desde la formación del lenguaje hasta nuestros días ; _9236320 _v30-31 |
||
| 852 |
_aES-MaACL _cSPB _jB-11157 _pv.1 _9202281 |
||
| 852 |
_aES-MaACL _cSPB _jB-11158 _pv.2 _9202282 |
||
| 856 | 4 | 1 |
_uhttp://bdh-rd.bne.es/viewer.vm?id=0000147263&page=1 _yVersión en línea _z(Biblioteca Digital Hispánica) |
| 942 |
_n0 _cMONANT |
||
| 999 |
_c194651 _d194651 |
||